[Event "GER-chT U16 Girls"]
[Site "Magdeburg"]
[Date "2023.12.28"]
[Round "3.6"]
[White "Koeppel, Clementine"]
[Black "Blome, Antonia"]
[Result "1-0"]
[WhiteElo "1267"]
[BlackElo "1209"]
[PlyCount "59"]
[EventDate "2023.12.26"]
[EventType "team-swiss"]
[EventRounds "7"]
[EventCountry "GER"]
[SourceTitle "CBM 218 Extra"]
[Source "ChessBase"]
[SourceDate "2024.03.31"]
[SourceVersion "1"]
[SourceVersionDate "2024.03.31"]
[SourceQuality "1"]
[WhiteTeam "Oberkotzau"]
[BlackTeam "Hamburger SK II"]
[WhiteTeamCountry "GER"]
[BlackTeamCountry "GER"]

1. e4 e5 2. Nf3 Nc6 3. d4 exd4 4. Nxd4 Nf6 5. Nc3 Bb4 6. Nxc6 Bxc3+ 7. bxc3 bxc6 8. Bd3 h6 9. 0-0 0-0 10. Re1 Re8 11. Qf3 d5 12. e5 Qd7 13. Bxh6 Qg4 14. exf6 Rxe1+ 15. Rxe1 Be6 16. Qxg4 Bxg4 17. fxg7 Be6 18. f4 Rd8 19. f5 Bd7 20. f6 Be6 21. Re5 Bg4 22. h3 Bd1 23. g4 d4 24. cxd4 a6 25. Rh5 Rd5 26. Rh4 Bxg4 27. hxg4 c5 28. Be3 Rh5 29. Rxh5 cxd4 30. Rh8# 1-0

[Event "GER-chT U16 Girls"]
[Site "Neumuenster"]
[Date "2022.12.27"]
[Round "1"]
[White "Koeppel, Clementine"]
[Black "Kaufmann, Victoria"]
[Result "1-0"]
[WhiteElo "1266"]
[BlackElo "958"]
[PlyCount "23"]
[EventDate "2022.12.26"]
[EventType "team-swiss"]
[EventRounds "7"]
[EventCountry "GER"]
[SourceTitle "CBM 212 Extra"]
[Source "ChessBase"]
[SourceDate "2023.03.31"]
[SourceVersion "1"]
[SourceVersionDate "2023.03.31"]
[SourceQuality "1"]
[WhiteTeam "Oberkotzau"]
[BlackTeam "Essen Werden"]
[WhiteTeamCountry "GER"]
[BlackTeamCountry "GER"]

1. e4 d6 2. Nf3 Nf6 3. Nc3 g6 4. Bc4 Bg7 5. 0-0 0-0 6. d3 e5 7. Be3 Nc6 8. Qd2 b6 9. Bh6 Bb7 10. Bxg7 Kxg7 11. Qg5 h6 12. Qg3 1-0

[Event "GER-chT U14 Girls"]
[Site "Willingen"]
[Date "2021.06.27"]
[Round "7.5"]
[White "Chen, Michelle"]
[Black "Koeppel, Clementine"]
[Result "1-0"]
[WhiteElo "1064"]
[BlackElo "1244"]
[PlyCount "53"]
[EventDate "2021.06.23"]
[EventType "team-swiss"]
[EventRounds "7"]
[EventCountry "GER"]
[SourceTitle "EXT 2022"]
[Source "ChessBase"]
[SourceDate "2021.10.06"]
[SourceVersion "1"]
[SourceVersionDate "2021.10.06"]
[SourceQuality "1"]
[WhiteTeam "Norderstedt"]
[BlackTeam "Oberkotzau"]
[WhiteTeamCountry "GER"]
[BlackTeamCountry "GER"]

1. e4 e5 2. Nf3 Nf6 3. Nc3 d6 4. Be2 Nc6 5. d4 exd4 6. Nxd4 g6 7. Bg5 Bg7 8. 0-0 h6 9. Be3 0-0 10. Nd5 Nxe4 11. Bf3 Bxd4 12. Bxd4 f5 13. Be3 g5 14. Be2 Be6 15. Bc4 f4 16. Qd3 Ne5 17. Qxe4 fxe3 18. fxe3 c6 19. Bd3 Qd7 20. Nf6+ Rxf6 21. Rxf6 Nxd3 22. Rxe6 Nc5 23. Rg6+ Kf7 24. Rf1+ Qf5 25. Qxf5+ Ke7 26. Qf7+ Kd8 27. Rg8# 1-0

[Event "GER-chT U14 Girls"]
[Site "Willingen"]
[Date "2021.06.26"]
[Round "6.4"]
[White "Koeppel, Clementine"]
[Black "Muhina, Alina"]
[Result "0-1"]
[WhiteElo "1244"]
[BlackElo "1343"]
[PlyCount "126"]
[EventDate "2021.06.23"]
[EventType "team-swiss"]
[EventRounds "7"]
[EventCountry "GER"]
[SourceTitle "EXT 2022"]
[Source "ChessBase"]
[SourceDate "2021.10.06"]
[SourceVersion "1"]
[SourceVersionDate "2021.10.06"]
[SourceQuality "1"]
[WhiteTeam "Oberkotzau"]
[BlackTeam "Garching"]
[WhiteTeamCountry "GER"]
[BlackTeamCountry "GER"]

1. e4 c6 2. d3 d5 3. Nd2 dxe4 4. dxe4 e5 5. Ngf3 Bg4 6. b3 Nf6 7. Bb2 Nbd7 8. Bd3 Bc5 9. Nc4 Bxf3 10. Qxf3 Qe7 11. Qg3 0-0 12. Nxe5 Bd6 13. f4 Nh5 14. Qg5 Qxg5 15. fxg5 Nxe5 16. Bxe5 Bxe5 17. Rd1 Rad8 18. 0-0 Nf4 19. g3 Bd4+ 20. Kh1 Nh3 21. Kg2 Nxg5 22. h4 Ne6 23. g4 Nc5 24. a4 Nxd3 25. Rxd3 Be5 26. Rfd1 Rxd3 27. Rxd3 b6 28. c4 Re8 29. b4 h6 30. Rd7 a5 31. b5 cxb5 32. cxb5 Bf6 33. Kf3 Bxh4 34. Rb7 Re6 35. Kf4 Bf2 36. Kf5 Be3 37. e5 Bd4 38. Kf4 Rxe5 39. Rd7 g5+ 40. Kf3 Bc5 41. Rd1 Re3+ 42. Kg2 Ra3 43. Rh1 Kg7 44. Rf1 Rxa4 45. Rb1 Rxg4+ 46. Kf3 f5 47. Rb2 h5 48. Rh2 h4 49. Ke2 a4 50. Rh3 a3 51. Rh1 Rg1 52. Rxg1 Bxg1 53. Kd3 a2 54. Kc4 a1Q 55. Kd5 Qd4+ 56. Kc6 Kf7 57. Kb7 Ke7 58. Ka6 Qa4+ 59. Kb7 Kd7 60. Kb8 Bh2+ 61. Kb7 Qxb5 62. Ka7 Kc7 63. Ka8 Qa6# 0-1

[Event "GER-chT U14 Girls"]
[Site "Willingen"]
[Date "2021.06.25"]
[Round "4.2"]
[White "Koeppel, Clementine"]
[Black "Xiao, Yiyi1"]
[Result "0-1"]
[WhiteElo "1244"]
[BlackElo "1381"]
[PlyCount "106"]
[EventDate "2021.06.23"]
[EventType "team-swiss"]
[EventRounds "7"]
[EventCountry "GER"]
[SourceTitle "EXT 2022"]
[Source "ChessBase"]
[SourceDate "2021.10.06"]
[SourceVersion "1"]
[SourceVersionDate "2021.10.06"]
[SourceQuality "1"]
[WhiteTeam "Oberkotzau"]
[BlackTeam "Weisse Dame"]
[WhiteTeamCountry "GER"]
[BlackTeamCountry "GER"]

1. e4 e5 2. Nf3 Nc6 3. d4 exd4 4. Nxd4 g6 5. Nxc6 bxc6 6. Nc3 Bg7 7. Bc4 Nf6 8. e5 Qe7 9. Bf4 d6 10. Qe2 Nh5 11. Be3 Qxe5 12. 0-0-0 0-0 13. g4 Nf6 14. f3 Nxg4 15. fxg4 Bxg4 16. Qxg4 Qxe3+ 17. Rd2 Bxc3 18. bxc3 Qxc3 19. Bb3 Rae8 20. Qd4 Qxd4 21. Rxd4 Re7 22. Rg4 Rfe8 23. Ba4 Re1+ 24. Rxe1 Rxe1+ 25. Kb2 Re2 26. h4 c5 27. Bb3 c6 28. h5 Kg7 29. hxg6 fxg6 30. Ba4 d5 31. Bxc6 d4 32. Kc1 Kf6 33. Rh4 h5 34. Bb5 Rg2 35. Bd3 Kg5 36. Re4 h4 37. Re6 Kf4 38. Re4+ Kg3 39. Re1 h3 40. Be4 Kf2 41. Rh1 h2 42. Kb2 g5 43. Bf5 Kg3 44. Be4 c4 45. Ka3 d3 46. cxd3 cxd3 47. Bxd3 Rg1 48. Be4 Rxh1 49. Bxh1 Kf2 50. Kb2 g4 51. Kc3 g3 52. Bd5 g2 53. Bxg2 Kxg2 0-1

[Event "GER-chT Christmas U20 Girls"]
[Site "Playchess.com INT"]
[Date "2020.12.29"]
[Round "2.3"]
[White "Koeppel, Clementine"]
[Black "Haug, Mara"]
[Result "0-1"]
[WhiteElo "1244"]
[BlackElo "1379"]
[PlyCount "114"]
[EventDate "2020.12.29"]
[EventType "team-swiss (blitz)"]
[EventRounds "7"]
[EventCountry "GER"]
[SourceTitle "CBM 200 Extra"]
[Source "ChessBase"]
[SourceDate "2021.03.31"]
[SourceVersion "1"]
[SourceVersionDate "2021.03.31"]
[SourceQuality "1"]
[WhiteTeam "Oberkotzau"]
[BlackTeam "Karlsruhe"]
[WhiteTeamCountry "GER"]
[BlackTeamCountry "GER"]

1. e4 c5 2. Nf3 Nc6 3. Nc3 g6 4. Bb5 Bg7 5. d3 a6 6. Bxc6 bxc6 7. 0-0 d5 8. Bf4 e6 9. Qd2 Qb6 10. b3 Qa5 11. a3 Qxc3 12. a4 Qxd2 13. Nxd2 Bxa1 14. Rxa1 f6 15. exd5 cxd5 16. c4 d4 17. Rb1 e5 18. Bg3 a5 19. Re1 Bf5 20. Ne4 Kf8 21. Nxc5 Rc8 22. Ne4 Bxe4 23. Rxe4 Rb8 24. Re1 Rxb3 25. Rd1 Kg7 26. f3 Ne7 27. Kf2 Rc8 28. f4 exf4 29. Bxf4 Ra3 30. Bd6 Ra2+ 31. Kf3 Nf5 32. Re1 Nxd6 33. Re7+ Kh6 34. Re6 Nf5 35. Rxf6 Rxa4 36. g4 Ne3 37. Ke4 Rd8 38. Kf4 Ra3 39. g5+ Kg7 40. h4 Ra1 41. Kg3 Rg1+ 42. Kh2 Rxg5 43. hxg5 Ng4+ 44. Kg3 Nxf6 45. gxf6+ Kxf6 46. Kf4 a4 47. c5 a3 48. c6 a2 49. c7 Rc8 50. Ke4 a1Q 51. Kf4 Rxc7 52. Kf3 Qd1+ 53. Kf2 Rc2+ 54. Kg3 Qe1+ 55. Kf4 Rf2+ 56. Kg4 Qg1+ 57. Kh4 Rh2# 0-1